Statistics for Schleswig-Holstein State Quiz

Click here to take the quiz!

General Stats

  • This quiz has been taken 181 times
  • The average score is 10 of 13

Answer Stats

HintAnswer% Correct
Neighboring foreign countryDenmark
98%
Sea to the eastBaltic Sea
96%
Capital and largest cityKiel
96%
Sea to the westNorth Sea
95%
Second largest cityLübeck
91%
The second largest city is the "mother" of this medieval merchant allianceHanse
82%
Schleswig-Holstein is part of this peninsulaJutland
78%
What are Germans forbidden from doing if they amass eight or more points "in Flensburg"?Driving a car
74%
Frisian island to the west that is known as a destination for celebritiesSylt
73%
Wacken is known as the largest festival of this music genreHeavy Metal
72%
The second largest city is known for producing this confection (often used in christmas cakes in the US)Marzipan
63%
Native of the second largest city who wrote "Buddenbrooks" and "Death in Venice"Thomas Mann
49%
He briefly led the Nazi Empire before its collapse, headquartered in FlensburgKarl Dönitz
34%

Score Distribution

Percentile by Number Answered

Percent of People with Each Score

Your Score History

You have not taken this quiz